000 00769nam a2200241 a 4500
001 62210
003 BD-RjUL
005 20211209081044.0
008 170123s1957 lau b 001 0 eng d
035 _a(BD-RjUL)62335
040 _aBD-RjUL
_cBD-RjUL
_dBD-RjUL
_beng
041 _aeng
082 _223
_a809
_bHOF 1957
100 1 _aHoffman, Frederick John.
_9185032
245 1 0 _aFreudianism and the literary mind /
_cFrederick John Hoffman
250 _a2d ed.
260 _aBaton Rouge :
_bLouisiana State University Press,
_c1957
300 _axi, 350 p. ;
_c24 cm.
504 _aIncludes bibliography and index
650 0 _aPsychoanalysis and literature
_9185033
650 0 _aLiterature, Modern
_y20th century
_xHistory and criticism
_9185034
942 _2ddc
_cBK
999 _c62210
_d62210